000 00781nam a2200205Ia 4500
005 20260121110013.0
008 008 260114s9999 xx 000 0 hin d
020 _a9788132371854
037 _aEBOOK
040 _aCRL
_bhin
_cCRL
041 _ahin
_2hin
084 _qCRL
100 _aजय अहलूवालिया / Jay Ahluwalia
_9940858
245 0 _aखरपतवार और कीट नियंत्रण के लिए महत्वपूर्ण तकनीकें / Khadpatwaar aur keet niyantran ke liye mahatvapurn takneekें
260 _bभाषा प्रकाशन / Bhasha Prakashan
_c2022
856 _uhttps://bhashaprakashan.com/product-details/380275
942 _cEBOOK
999 _c1532523
_d1532523